Statistics for Fifth Beatles

Click here to take the quiz!

General Stats

  • This quiz has been taken 45 times
  • The average score is 5 of 8

Answer Stats

HintAnswer% Correct
Played bass for the BeatlesStuart Sutcliffe
95%
Could only play "fours"Pete Best
84%
Produced the Goon Show radio programmeGeorge Martin
78%
Owner of NEMS (North End Music Store)Brian Epstein
76%
Played the organBilly Preston
68%
Large roadie and Elvis fanMal Evans
38%
Last-minute substitute for Ringo in 1964Jimmie Nicol
30%
Drove the tour van in the early '60sNeil Aspinall
30%

Score Distribution

Percentile by Number Answered

Percent of People with Each Score

Your Score History

You have not taken this quiz